000 02431nam0a2200373 4500
001 RU\NLR\BIBL_A\011865992
005 20181205140202.0
010 _a978-5-9596-1434-8
_9500
021 _aRU
_bКН-П-18-080964
_9КН-П-18-5862
035 _a(NLR Aleph) 011865992
035 _a(RuMoRGB)009786382
090 _a12178743
_c12178743
100 _a20181119d2018 u y0rusy50 ca
101 0 _arus
102 _aRU
105 _aa j 000zy
200 1 _aПитание и удобрение овощных, плодово-ягодных культур и винограда
_eучебное пособие
_e[для студентов вычших учебных заведений по направлению 35.03.04 "Агрономия", профиль "Плодоовощеводство"]
_fФедеральное государственное бюджетное образовательное учреждение высшего образования, Ставропольский государственный аграрный университет, Кафедра агрохимии и физиологии растений
_g[Е. А. Саленко, канд. с.-х. наук, доцент и др.]
210 _aСтаврополь
_cАГРУС
_d2018
215 _a215 с.
_cил., табл.
_d20
320 _aБиблиогр.: с. 210-211 (19 назв.)
606 1 _aВиноградная лоза
_jУчебные издания для высших учебных заведений
_xУдобрение
_92232004
_3RU\NLR\AUTH\6601572002
606 1 _aОвощные культуры
_jУчебные издания для высших учебных заведений
_xУдобрение
_91731379
_3RU\NLR\AUTH\66773815
606 1 _aПлодовые культуры
_jУчебные издания для высших учебных заведений
_xУдобрение
_91931732
_3RU\NLR\AUTH\66882075
686 1 _aП24-434я731
686 1 _aП25-434я731
686 1 _aП26-434я731
702 1 _aСаленко
_bЕ. А.
_gЕлена Александровна
_4220
712 0 2 _4475
_aСтавропольский государственный аграрный университет
_9585267
_3RU\NLR\AUTH\8810042909
942 _cBOOK
980 _aNBR
980 _aNB